000 00378 a2200109 4500
001 ART_18552
005 20260410161703.0
008 260409a
245 1 0 _aLa factura electrónica continúa su generalización en pos del objetivo esencial, la predeclaración.
100 1 _aFerraro, Ricardo H.
773 0 _tRevista Impuestos
_g- Nº 13 (dic. 2010)
_wREV639
999 _c15332
_d15332